00492nam a22001337a 450000500170000000800410001704100130005808200160007110000130008724501410010026000600024130000320030165000250033320231123141120.0231123b |||||||| |||| 00| 0 eng d aEnglish  a341.77 INT  lEnglish  aTibet and the Chinese People's Republic : bA Report to the International Commission of Jurists by its Legal Inquiry Committee on Tibet  aGeneva : bInternational Commission of Jurists, c1960  bxiii, 345 pages ; c25 cm.  aLegal practice bLaw